| 000 | 01060nas a2200349 4500 | ||
|---|---|---|---|
| 001 | BR0503406 | ||
| 003 | BR-BrBNA | ||
| 005 | 20231205105459.0 | ||
| 007 | ta | ||
| 008 | 230509b bl.|||p| |||| 00| 00por d | ||
| 040 |
_aBR-BrBNA _bpor _cBiblioteca Nacional de Agricultura |
||
| 041 | _a(Pt) | ||
| 072 | _aK50 | ||
| 100 | 1 | _aMaciel, A. da S. | |
| 100 | 1 | _aVital, B.R. | |
| 100 | 1 | _aLúcia, R.M.D. | |
| 100 | 1 | _aPimenta, A.S. | |
| 245 | 1 | _aChapas de madeira aglomerada produzidas com partículas de Eucalyptus grandis W. Hill ex Maiden, poliestireno (PS)e polietileno tereftalato (PET) | |
| 650 | _aEUCALIPTO | ||
| 650 | _aPAINEL DE MADEIRA | ||
| 650 | _aCHAPA DE PARTÍCULAS | ||
| 650 | _aPOLIETILENO | ||
| 650 | _aPROPRIEDADE MECÂNICA | ||
| 650 | _aPROPRIEDADE FÍSICO-QUÍMICA | ||
| 650 | _aADESIVO | ||
| 650 | _aFENOL | ||
| 650 | _aURÉIA | ||
| 650 | _aMINAS GERAIS | ||
| 773 | 0 |
_tCerne (Brazil) _xISSN 0104-7760 _g(Jan-Jun 2004), v. 10(1) p. 53-66 _wBR0503406 |
|
| 909 |
_a202311 _bLúcia _c55 _dLúcia Elande |
||
| 942 |
_2AGRIS _n0 _cANA |
||
| 999 |
_c183191 _d183191 |
||